000 00390nam a2200169Ia 4500
008 230524s9999 xx 000 0 und d
020 _a0076975936
082 _a5.133
_bCHO
100 _aM.G.Chopra
_98986
245 0 _aFortran IV Programming
250 _a1ST
260 _aNEW DELHI
_bVPH
_c1994
300 _a248
500 _aQuantity Number: 1
650 _aComp-Sc
942 _cBK
999 _c12869
_d12869